Bienal Valencia 91.
Gespeichert in:
| Körperschaft: | |
|---|---|
| Format: | Tagungsbericht Buch |
| Sprache: | Spanisch |
| Veröffentlicht: |
Valencia :
Ajuntament de Valencia,
dep. leg. 1992
|
| Tags: |
Keine Tags, Fügen Sie das erste Tag hinzu!
|
MARC
| LEADER | 00000nam a22000007i 4500 | ||
|---|---|---|---|
| 001 | IT\ICCU\VEA\0199999 | ||
| 003 | ItRI | ||
| 005 | 20260115232217.0 | ||
| 008 | 051215s1992 sp |||||| ||||| |||||c | ||
| 040 | |b ita |c importazione bologna sebina | ||
| 041 | 7 | |a spa |2 ISO-639-2 | |
| 111 | 2 | |a Bienal de Valencia |n (1. : |d 1991) |0 IT\ICCU\VEAV\067486 |4 aut | |
| 245 | 0 | 0 | |a Bienal Valencia 91. |
| 260 | |a Valencia : |b Ajuntament de Valencia, |c dep. leg. 1992 | ||
| 300 | |a 55 p. : |b ill. ; |c 24 cm. | ||
| 942 | |2 ddc |c BK |n 0 | ||
| 952 | |0 0 |1 0 |4 0 |6 DOC_700_794000000000000_ART |7 0 |9 22056 |a BO |b BO |d 2026-01-15 |i 5975 |l 0 |o DOC 700.794 ART |p BO5975 |r 2026-01-15 23:22:17 |w 2026-01-15 |x [Sebina 7] [1 v.] |y BK |z 1 v. | ||
| 999 | |c 18851 |d 18851 | ||